Exchange Market Reform, Inflation, and Fiscal Deficits /

This paper examines the short- and long-run effects of exchange market reform in developing countries. The first part reviews the recent experience of Guyana, India, Jamaica, Kenya, Sierra Leone, and Sri Lanka with exchange market reform. The second part studies analytically the short-run dynamics o...

תיאור מלא

מידע ביבליוגרפי
מחבר ראשי: Ucer, E.
מחברים אחרים: Agenor, Pierre-Richard
פורמט: כתב-עת
שפה:English
יצא לאור: Washington, D.C. : International Monetary Fund, 1995.
סדרה:IMF Working Papers; Working Paper ; No. 1995/078
גישה מקוונת:Full text available on IMF
LEADER 01772cas a2200253 a 4500
001 AALejournalIMF004409
008 230101c9999 xx r poo 0 0eng d
020 |c 5.00 USD 
020 |z 9781451850062 
022 |a 1018-5941 
040 |a BD-DhAAL  |c BD-DhAAL 
100 1 |a Ucer, E. 
245 1 0 |a Exchange Market Reform, Inflation, and Fiscal Deficits /  |c E. Ucer, Pierre-Richard Agenor. 
264 1 |a Washington, D.C. :  |b International Monetary Fund,  |c 1995. 
300 |a 1 online resource (62 pages) 
490 1 |a IMF Working Papers 
500 |a <strong>Off-Campus Access:</strong> No User ID or Password Required 
500 |a <strong>On-Campus Access:</strong> No User ID or Password Required 
506 |a Electronic access restricted to authorized BRAC University faculty, staff and students 
520 3 |a This paper examines the short- and long-run effects of exchange market reform in developing countries. The first part reviews the recent experience of Guyana, India, Jamaica, Kenya, Sierra Leone, and Sri Lanka with exchange market reform. The second part studies analytically the short-run dynamics of the parallel market premium and the money supply upon unification, when the post-reform regime consists of either a pure float or a managed float. The third part discusses the impact of unification on inflation and quasi-fiscal deficits, and identifies a variety of implicit taxes and subsidies that must be taken into account in assessing the longer-run effects of exchange market reform. 
538 |a Mode of access: Internet 
700 1 |a Agenor, Pierre-Richard. 
830 0 |a IMF Working Papers; Working Paper ;  |v No. 1995/078 
856 4 0 |z Full text available on IMF  |u http://elibrary.imf.org/view/journals/001/1995/078/001.1995.issue-078-en.xml  |z IMF e-Library